Boletim do Museu Paraense Emílio Goeldi. (Registro nro. 19505)
[ vista simple ]
| 000 -CABECERA | |
|---|---|
| Campo de control | 01399nas a2200301 a 4500 |
| 005 - FECHA Y HORA DE LA ULTIMA TRANSACCION | |
| Campo de control | 20170522103502.0 |
| 008 - ELEMENTOS DE LONGITUD FIJA—INFORMACION GENERAL | |
| Campo de control | 080214c20069999bl || p f| 0por c |
| 022 ## - ISSN | |
| ISSN | 1981-8114 |
| 040 ## - FUENTE DE CATALOGACIÓN | |
| Agencia catalogadora original | CGU |
| Agencia transcriptora | CGU |
| Agencia Modificadora | CGU |
| -- | CO-BoIAVH |
| 041 0# - IDIOMA | |
| Código de idioma para texto/pista de sonido o título separado | Portugués |
| 044 ## - PAÍS DE PUBLICACIÓN | |
| País de publicación | Brasil |
| 049 ## - LOCAL HOLDINGS (OCLC) | |
| Holding library | CGUA |
| 090 ## - CLASIFICACIÓN LOCAL | |
| Colección | SE |
| 245 00 - MENCION DE TITULO | |
| Título | Boletim do Museu Paraense Emílio Goeldi. |
| Name of part/section of a work | Ciências naturais. |
| 246 3# - FORMA VARIANTE DEL TITULO | |
| Título propiamente dicho/forma breve del título | Ciências naturais |
| 260 ## - PUBLICACION, DISTRIBUCION, ETC. (PIE DE IMPRENTA) | |
| Lugar de publicación, distribución, etc. | Belém (Brasil) : |
| Nombre del editor, distribuidor, etc. | Ministério da Ciência e Tecnologia, Museu Paraense Emílio Goeldi, |
| Fecha de publicación, distribución, etc. | 2006- |
| 300 ## - DESCRIPCION FISICA | |
| Otros detalles físicos | illustraciones y mapas ; |
| Dimensiones | 26 x 22 cm. |
| 546 ## - NOTA DE IDIOMA | |
| Nota de idioma | Chiefly in Portuguese with some articles in English and Spanish; abstracts in Portuguese and English or Spanish. |
| 650 26 - ASIENTO SECUNDARIO DE MATERIA - TERMINO TEMATICO | |
| Término temático o nombre geográfico como elemento de entrada | Historia natural |
| Subdivisión geográfica | Brasil |
| Subdivisión de forma | Publicaciones periódicas |
| 9 (RLIN) | 81595 |
| 650 26 - ASIENTO SECUNDARIO DE MATERIA - TERMINO TEMATICO | |
| Término temático o nombre geográfico como elemento de entrada | Ciencias naturales |
| Subdivisión geográfica | Brasil |
| Subdivisión de forma | Publicaciones periódicas |
| 9 (RLIN) | 81596 |
| 650 26 - ASIENTO SECUNDARIO DE MATERIA - TERMINO TEMATICO | |
| Término temático o nombre geográfico como elemento de entrada | Botánica |
| Subdivisión geográfica | Brasil |
| Subdivisión de forma | Publicaciones periódicas |
| 9 (RLIN) | 81597 |
| 650 26 - ASIENTO SECUNDARIO DE MATERIA - TERMINO TEMATICO | |
| Término temático o nombre geográfico como elemento de entrada | Ecología |
| Subdivisión geográfica | Brasil |
| Subdivisión de forma | Publicaciones periódicas |
| 9 (RLIN) | 81598 |
| 710 2# - ASIENTO SECUNDARIO - NOMBRE CORPORATIVO | |
| Nombre corporativo o de jurisdicción como elemento de entrada | Museu Paraense Emílio Goeldi. |
| 9 (RLIN) | 81591 |
| 710 1# - ASIENTO SECUNDARIO - NOMBRE CORPORATIVO | |
| Nombre corporativo o de jurisdicción como elemento de entrada | Brasil |
| Unidad subordinada | Ministério da Ciência e Tecnologia |
| 9 (RLIN) | 81599 |
| 776 08 - ADDITIONAL PHYSICAL FORM ENTRY | |
| Display text | Online version: |
| Main entry heading | Boletim do Museu Paraense Emílio Goeldi. Ciências naturais |
| Record control number | (OCoLC)276360264 |
| -- | (ICU)10782520 |
| 780 00 - ASIENTO DEL TITULO ANTERIOR | |
| Title | Boletim do Museu Paraense Emílio Goeldi. Série ciências naturais |
| International Standard Serial Number | 1807-5401 |
| Record control number | (DLC) 2007262004 |
| -- | (OCoLC)82372385 |
| -- | (ICU)6231611 |
| 942 ## - ELEMENTOS ADICIONALES (KOHA) | |
| Sistema de clasificación | Local |
| Tipo de ítem | Periodica o revista |
| Withdrawn status | Lost status | Sistema de Clasificación | Damaged status | No para préstamo | Colección | Fecha publicación (Año) | Volumen revista | Número revista | Inventariado | Ubicación Permanente | Ubicación actual | Fecha de adquisición | Datos de publicación Seriada | Total Checkouts | Número topográfico | Inventario / Código de Barras | Date last seen | Ejemplar | Price effective from | Forma de adquisición | Tipo de material |
|---|---|---|---|---|---|---|---|---|---|---|---|---|---|---|---|---|---|---|---|---|---|
| Local | Hemeroteca | 2014 | 9 | 2 | Inventariado 2017 | Bogotá | Bogotá | 22/05/2017 | Vol 9, Nro 2 (01/08/2014) | SE | 041273 | 22/05/2017 | Ej. 1 | 22/05/2017 | Donación | Periodica o revista |